00658nam a2200205 a 450000100080000000500110000800800410001910000230006024500610008326000840014430000260022852001050025465000100035965000130036965000170038265000160039965000120041565000120042765300130043912600371992-06-10 1972 bl uuuu m 00u1 u #d1 aCARVALHO, N. M. de aMaturacao de sementes de algodao (Gossypium hirsutum L.) aJaboticabal: Faculdade de Medicina Veterinaria e Agronomia de Jaboticabalc1972 a71 p.cTese Doutorado aO presente trabalho foi conduzido com a finalidade de se estudar a marturacao de semente de algodao. avigor aAlgodão aGerminação aMaturação aSecagem aUmidade asementes